| 000 | 00696 a2200229 4500 | ||
|---|---|---|---|
| 001 | 63197 | ||
| 005 | 20260407155927.0 | ||
| 008 | 260407a1964 arg spa d | ||
| 003 | AR-UNSa-BCEJYS | ||
| 040 |
_aAR-UNSa-BCEJYS _bspa _cAR-UNSa-BCEJYS |
||
| 080 |
_a510 _xConsideraciones fundamentales y generales de las matemáticas |
||
| 245 | 1 | 0 |
_a¿Qué es la matemática? _pUna exposicìón elemental de sus ideas y métodos |
| 250 | _a4a. ed. | ||
| 264 | 1 |
_aMadrid : _bAguilar _c1964 |
|
| 300 |
_axx, 533 p. _c22 cm. |
||
| 041 | _aspa | ||
| 942 | _cBK | ||
| 590 | _aniveau_biblio:m niveau_hierar:0 | ||
| 100 | 1 | _aCourant, Richard | |
| 700 | 1 | _aRobbins, Herbert | |
| 700 | 1 | _aBravo Gala, Luis | |
| 999 |
_c8038 _d8038 |
||